Kế toán doanh thu, chi phí và xác định kết quả kinh doanh tại công ty Trách nhiệm hữu hạn Một thành viên Thương mại dịch vụ Minh Hoàng Phát Vina

Chuyên ngành: Kế toán; Đồng ý cho sao chép 30% tài liệu; TM tài liệu tham khảo tr. 64; Khóa luận tốt nghiệp Đại học trường Đại học Thủ Dầu Một, 2013 - 2017; Khóa luận gồm: Cơ sở lý luận về công tác kế toán doanh thu, chi phí và xác định kết...

Popoln opis

Shranjeno v:
Bibliografske podrobnosti
Glavni avtor: Hoàng, Thị Thủy
Drugi avtorji: Phạm, Ngọc Toàn
Format: Knjiga
Jezik:Undetermined
Izdano: Bình Dương, 2017
Teme:
Online dostop:http://lrc.tdmu.edu.vn/opac/search/detail.asp?aID=2&ID=29885
Oznake: Označite
Brez oznak, prvi označite!
Thư viện lưu trữ: Trung tâm Học liệu Trường Đại học Thủ Dầu Một
LEADER 01391nam a2200181Ia 4500
001 TDMU_29885
008 210410s9999 xx 000 0 und d
082 |a 657.45 
090 |b H407 
100 |a Hoàng, Thị Thủy 
245 0 |a Kế toán doanh thu, chi phí và xác định kết quả kinh doanh tại công ty Trách nhiệm hữu hạn Một thành viên Thương mại dịch vụ Minh Hoàng Phát Vina 
260 |a Bình Dương, 2017 
300 |a 64 tr 
520 |a Chuyên ngành: Kế toán; Đồng ý cho sao chép 30% tài liệu; TM tài liệu tham khảo tr. 64; Khóa luận tốt nghiệp Đại học trường Đại học Thủ Dầu Một, 2013 - 2017; Khóa luận gồm: Cơ sở lý luận về công tác kế toán doanh thu, chi phí và xác định kết quả kinh doanh trong doanh nghiệp; tình hình thực tế kế toán doanh thu, chi phí và xác định kết quả kinh doanh tại công ty TNHH MTV TM DV Minh Hoàng Phát Vina ; nhận xét và kiến nghị  
650 |a Khóa luận; Kế toán  |x Doanh thu  |x Chi phí  |x Kết quả kinh doanh 
700 |a Phạm, Ngọc Toàn 
856 |u http://lrc.tdmu.edu.vn/opac/search/detail.asp?aID=2&ID=29885 
980 |a Trung tâm Học liệu Trường Đại học Thủ Dầu Một